| 000 | 00853nam a2200205 a 4500 | ||
|---|---|---|---|
| 003 | 0 | ||
| 005 | 20250529155506.0 | ||
| 008 | 030603s19uu xx 00 eng d | ||
| 050 |
_aPGS LC 3471 _b.K19 2000 |
||
| 100 | _aKatzer, Nastassja N. | ||
| 245 |
_a"Car pool program" an alternative solution to the growing traffic in B.F. community and in SIS of grade 6 and 4th HS and teachers of SIS SY 1999-2000 / _cNastassja N. Katzer. |
||
| 260 |
_aLas Piñas City, Philippines : _bSouthville International School and Colleges, _c2000. |
||
| 300 |
_a17 pages : _billustrations ; _c28 cm. |
||
| 504 | _aIncludes bibliographical references. | ||
| 650 | _aCar pools. | ||
| 650 |
_aTraffic congestion _zPhilippines _zLas Piñas City. |
||
| 650 |
_aUrban transportation _zPhilippines _vPlanning. |
||
| 650 | _aCommunity-based transportation. | ||
| 942 |
_2lcc _cPASS |
||
| 999 |
_c96225 _d96225 |
||